01003nam a2200277 a 450000100100000000500170001000800410002702000180006804000250008608200140011110000200012524000210014524501690016626000450033530000320038050000560041270000250046870000220049370000250051570000250054070000320056570000280059770000390062570000300066470000310069400004053620201002034210.0130830s2008 sp a 001 0 spa d a9788479036003 aDO-SdBNPbspacBNPHU axxxxbxxx1 aGilroy, Anne M.10aAtlas of anatomy10aAtlas de Anatomía. /cAnne M. Gilroy, Brian R. MacPherson, Lawrence M. Ross; ilustraciones, Markus Voll, Karl Wesker; traducción, Andrés Del Barrio, [et.al.]. aMadrid, España :bPanamericana,c2008. axv, 656 p. :bil. ;c28 cm. aLa biblioteca posee la tercera reimpresion del 20121 aMacPherson, Brian R.1 aRoss, Lawrence M.1 aVoll, Markuseilust.1 aWesker, Karleilust.1 aDel Barrio, Andrésetrad.1 aMezzano, Gustavoetrad.1 aRodríguez Planes, Gerardoetrad.1 aTaveira, Jorgelinaetrad.1 aVásquez, Damiánetrad.